| 000 | 00402nam a2200181Ia 4500 | ||
|---|---|---|---|
| 003 | OSt | ||
| 005 | 20251024093851.0 | ||
| 008 | 250729s2006 xx 000 0 und d | ||
| 040 | _cAL | ||
| 041 | _aeng | ||
| 082 | _a500 CLAT | ||
| 100 |
_aClark John O E _9223290 |
||
| 245 | _a The space age vol IX | ||
| 260 |
_aLondon _c2006 |
||
| 300 | _a64p | ||
| 650 |
_aScience _9223291 |
||
| 942 |
_2ddc _cBED |
||
| 999 |
_c235834 _d235834 |
||